000 00581cam a22002411 4500
001 sa 67007437
003 DLC
005 20260227112416.0
008 950308s1964 ii 000 0 tamo
010 _asa 67007437
025 _aPL480:I-T-1762
035 _a(OCoLC)32111052
040 _aDLC
_cCU
_dCU
_dDLC
042 _apremarc
050 0 0 _aCT1507.M3
_bR3
100 0 _aVa. Rā.,
_d1889-1951.
245 1 0 _aTamil̲p periyārkaḷ.
260 _c[1964]
300 _a112 p.
_c18 cm.
500 _aIn Tamil.
651 0 _aChennai (India)
_vBiography.
700 0 _aV. R.
999 _c76593
_d76593